Catalog

Record Details

Catalog Search



Čas pro druhého : myšlenky, podněty, příklady  Cover Image Book Book

Čas pro druhého : myšlenky, podněty, příklady / Reinhard Abeln, Anton Kner ; [z němčiny přeložil Vojtěch Pola]

Record details

  • ISBN: 80-7192-097-5
  • Physical Description: 46 s. ; 20 cm
  • Edition: Vyd. v Karmelitánském nakl. 1.
  • Publisher: Kostelní Vydří : Karmelitánské nakladatelství, 1996

Content descriptions

General Note:
5000 výt.
Subject: smysl života > křesťanské pojetí
radost > křesťanské pojetí
láska > křesťanské pojetí
interpersonální vztahy > křesťanské pojetí
Genre: příběhy
citáty
sborníky

Available copies

  • 1 of 1 copy available at Common Catalog SPOK.

Holds

  • 0 current holds with 1 total copy.
Show Only Available Copies
Location Call Number / Copy Notes Barcode Shelving Location Status Due Date
Jabok Library PT-7.3 424480009242 Odborná literatura Available -

LDR 01621nam a2200433 a 4500
0011497
003CZ-PrJAB
00520160108102437.0
007tu
008960826s1996 xr e 000 m cze
015 . ‡acnb000137354
020 . ‡a80-7192-097-5 ‡q(brož.) : ‡cKč 29,00
035 . ‡a(CZ PrNK)cpk19960137354
035 . ‡a(OCoLC)37673275
040 . ‡aABA001 ‡bcze
0411 . ‡acze ‡hger
072 7. ‡a27-4 ‡xPraktická teologie. Morální teologie ‡2Konspekt ‡95
080 . ‡a23/28 ‡2undef
080 . ‡a316.6 ‡2undef
080 . ‡a82-84 ‡2undef
080 . ‡a17 ‡2undef
1001 . ‡aAbeln, Reinhard, ‡d1938- ‡7jn19990000011 ‡4aut
24510. ‡aČas pro druhého : ‡bmyšlenky, podněty, příklady / ‡cReinhard Abeln, Anton Kner ; [z němčiny přeložil Vojtěch Pola]
250 . ‡aVyd. v Karmelitánském nakl. 1.
260 . ‡aKostelní Vydří : ‡bKarmelitánské nakladatelství, ‡c1996
300 . ‡a46 s. ; ‡c20 cm
500 . ‡a5000 výt.
65007. ‡asmysl života ‡7ph125718 ‡xkřesťanské pojetí ‡2czenas
65007. ‡aradost ‡7ph124997 ‡xkřesťanské pojetí ‡2czenas
65007. ‡aláska ‡7ph117230 ‡xkřesťanské pojetí ‡2czenas
65007. ‡ainterpersonální vztahy ‡7ph114786 ‡xkřesťanské pojetí ‡2czenas
655 7. ‡apříběhy ‡7fd133204 ‡2czenas
655 7. ‡acitáty ‡7fd131832 ‡2czenas
655 7. ‡asborníky ‡7fd163935 ‡2czenas
7001 . ‡aPola, Vojtěch ‡7jn20010310154 ‡4trl
7001 . ‡aKner, Anton, ‡d1911-2002 ‡7jn19990004457 ‡4aut
7650 . ‡tNehmen wir uns Zeit füreinander ‡9Česky
910 . ‡aABG312
901 . ‡a1497 ‡bUnknown ‡c1497 ‡tbiblio

Additional Resources